000 00281nam a22001337a 4500
020 _a81-7109-151-2
082 _a827
_bCOR/C
100 _aCORNELIUS, JUDSON
245 _aCHURCH HUMOUR
260 _aMUMBAI
_bST PAULS
_c2002
300 _a201
650 _aJOKES
_zINDIA
942 _cBK
999 _c5689
_d5689